000 00359nam a2200145Ia 4500
005 20251222144645.0
008 251222s9999||||xx |||||||||||||| ||spa||
020 _a978-612-302-094-1
082 _a869.57/E86L
100 _aEspinar La Torre, Óscar E.
245 0 _aLeyendas Peruanas para Niños
250 _a3a.ed.
264 _bSan Marcos
942 _cLIB
999 _c16847
_d16847